| Fine Arts - Auditory Fine Arts | 1 | 10.00 | 100% | 0% | 0% |
| Fine Arts - Visual Fine Arts | 1 | 10.00 | 100% | 0% | 0% |
| History - European History | 1 | 20.00 | 100% | 100% | 0% |
| History - Other History | 1 | 20.00 | 100% | 100% | 0% |
| History - World History | 1 | 10.00 | 100% | 0% | 0% |
| Literature - American Literature | 1 | 10.00 | 100% | 0% | 0% |
| Religion | 1 | 20.00 | 100% | 100% | 0% |
| Science - Biology | 1 | 10.00 | 100% | 0% | 0% |
| Science - Other Science | 1 | 10.00 | 100% | 0% | 0% |
| Science - Physics | 1 | 10.00 | 100% | 0% | 0% |
| Social Science | 1 | 20.00 | 100% | 100% | 0% |
| Fine Arts - Auditory Fine Arts | 2 | 20.00 | 100% | 100% | 0% |
| Fine Arts - Other Fine Arts | 1 | 10.00 | 100% | 0% | 0% |
| Fine Arts - Visual Fine Arts | 4 | 15.00 | 100% | 50% | 0% |
| Geography | 1 | 10.00 | 100% | 0% | 0% |
| History - American History | 5 | 14.00 | 100% | 40% | 0% |
| History - European History | 2 | 10.00 | 100% | 0% | 0% |
| History - Other History | 5 | 12.00 | 100% | 20% | 0% |
| History - World History | 2 | 15.00 | 100% | 50% | 0% |
| Literature - American Literature | 4 | 12.50 | 100% | 25% | 0% |
| Literature - British Literature | 4 | 12.50 | 100% | 25% | 0% |
| Literature - European Literature | 4 | 15.00 | 100% | 50% | 0% |
| Literature - World Literature | 5 | 12.00 | 80% | 40% | 0% |
| Mythology | 1 | 10.00 | 0% | 100% | 0% |
| Philosophy | 4 | 17.50 | 100% | 75% | 0% |
| Pop Culture | 1 | 10.00 | 100% | 0% | 0% |
| Religion | 5 | 14.00 | 100% | 40% | 0% |
| Science - Biology | 4 | 10.00 | 50% | 50% | 0% |
| Science - Chemistry | 1 | 20.00 | 100% | 100% | 0% |
| Science - Other Science | 7 | 21.43 | 100% | 71% | 43% |
| Science - Physics | 1 | 20.00 | 100% | 100% | 0% |
| Social Science | 3 | 10.00 | 100% | 0% | 0% |